• 首页
  • 本馆介绍
  • 公告通知
  • 最新文献
  • 馆藏检索
  • 电子资源
  • 读者导购
  • 参考咨询
  • 我的图书馆
  • 登录
  • 详细信息显示
  • 放入我的书架
  • 预约/预借图书
  • 作者相关作品
  • 分类相关作品
  • 丛书相关作品
  • 出版社相关作品

书目信息

  • 表格格式
  • 工作单格式
  • 卡片格式
题名:
做事靠手段 做人靠手腕
    
 
作者: 王照 著
分册:  
出版信息: 北京   当代世界出版社  2004
页数: 193页
开本: 17cm
丛书名: Best励志馆
单 册:
中图分类: B848.2
科图分类:
主题词: 成功心理--通俗读物
电子资源:
ISBN: 7-80115-787-7
000 01068oam2 2200265 450
001 1570452799
005 20150127111055.70
010    @a7-80115-787-7@b精装@dCNY12.80
100    @a20050423d2004 em y0chiy50 ea
101 0  @achi
102    @aCN@b110000
105    @aa z 000yy
200 1  @a做事靠手段 做人靠手腕@9zuo shi kao shou duan zuo ren kao shou wan@e成大事者不可不知的49条生存法则@e世界上最有效的做事与做人法则@f王照著
210    @a北京@c当代世界出版社@d2004
215    @a193页@c图@d17cm
225 2  @aBest励志馆
330    @a本书告诉我们知道自己做事和做人的实力和自己做事和做人的弱点,是发展自己人生事业的重要认知。书中介绍了获取成功的49条生存法则。
461  0 @12001 @aBest励志馆
517 1  @a成大事者不可不知的49条生存法则@9cheng da shi zhe bu ke bu zhi de 49 tiao sheng cun fa ze
517 1  @a世界上最有效的做事与做人法则@9shi jie shang zui you xiao de zuo shi yu zuo ren fa ze
606 0  @a成功心理@j通俗读物
690    @aB848.2@v5
701  0 @a王照@9wang zhao@c(人生哲学)@4著
801  0 @aCN@bTSSF@c20150127
905    @aZUCC@dB848.2@eJY2
    
    做事靠手段 做人靠手腕:成大事者不可不知的49条生存法则:世界上最有效的做事与做人法则/王照著.-北京:当代世界出版社,2004
    193页:图;17cm.-(Best励志馆)
    
    
    ISBN 7-80115-787-7(精装):CNY12.80
    本书告诉我们知道自己做事和做人的实力和自己做事和做人的弱点,是发展自己人生事业的重要认知。书中介绍了获取成功的49条生存法则。
●
相关链接 在E读中查询图书 在五车中查询图书 在当当中查询图书 在豆瓣中查询图书


正题名:做事靠手段 做人靠手腕     索取号:B848.2/JY2         预约/预借

序号 登录号 条形码 馆藏地/架位号 状态 备注
1 7851890   278518908   学院路分馆/ [索取号:B848.2/JY2] 在馆    
唐山师范学院图书馆 欢迎您!
大连网信软件有限公司© 版权所有